La filosofia francesa del post-existencialismo en pensamiento de Jacques Derrida
Gardado en:
| Autor Corporativo: | |
|---|---|
| Formato: | Libro |
| Idioma: | Lingua castelá |
| Publicado: |
Valparaíso
Pontificia Universidad Católica de Valparaíso
1996
|
| Subjects: | |
| Tags: |
Engadir etiqueta
Sen Etiquetas, Sexa o primeiro en etiquetar este rexistro!
|
MARC
| LEADER | 00000nam a2200000 a 4500 | ||
|---|---|---|---|
| 001 | UCH1782 | ||
| 003 | CL-VaPUC | ||
| 008 | 090514e19960000CL |||||||||||||||||spa|d | ||
| 082 | 0 | 4 | |a 194 |b PON |2 21 |
| 110 | 2 | |a Pontificia Universidad Católica de Valparaíso |e author |9 536332 | |
| 245 | 1 | 3 | |a La filosofia francesa del post-existencialismo en pensamiento de Jacques Derrida |
| 300 | |a 191 h | ||
| 942 | |c BK | ||
| 945 | |d 20090514 00:00:00 |a rbrito | ||
| 260 | |a Valparaíso |b Pontificia Universidad Católica de Valparaíso |c 1996 | ||
| 600 | 0 | |a Derrida, Jacques |d 1930-2004 |9 449254 | |
| 650 | 0 | |a Filosofía francesa |9 255698 | |
| 650 | 0 | |a Existencialismo |9 265698 | |
| 583 | |a last modification |c 20190828 12:01:42 |k Rodrigo Vera | ||
| 999 | |c 333696 |d 333694 | ||
| 952 | |0 0 |1 0 |4 0 |6 194_000000000000000_PON_1996 |7 0 |8 X |9 422265 |a FDOBUD |b FDOBUD |d 2019-11-22 |i 454756K |o 194 PON 1996 |p 454756K |r 2019-11-22 |w 2019-11-22 |y BK_X |k FHP | ||